000 00457nam a22001817a 4500
005 20180131162409.0
008 160523b xxu||||| |||| 00| 0 eng d
020 _a81-7656-752-3
041 _aeng
082 _b4382
_a004
100 _aPradeep K. Sinha & Sinha Priti
_91074
245 _aComputer Fundamentals
250 _a4th ed.
260 _aNew Delhi
_bAcademic Faundation
300 _a424
650 _aInformation Technology
_9137
942 _cBK
999 _c1464
_d1464